Catálogo
 En Linea

Métodos didácticos audiovisuales / (Registro nro. 24014)

Detalles MARC
000 -CABECERA
campo de control de longitud fija 00594nam a2200157 a 4500
001 - NÚMERO DE CONTROL
campo de control 000024521
005 - FECHA Y HORA DE LA ÚLTIMA TRANSACCIÓN
campo de control 20200930023222.0
008 - DATOS DE LONGITUD FIJA--INFORMACIÓN GENERAL
campo de control de longitud fija 110128s1973 mx a r 001 0 spa d
040 ## - FUENTE DE LA CATALOGACIÓN
Centro catalogador/agencia de origen DO-SdBNP
Lengua de catalogación spa
Centro/agencia transcriptor BNPHU
082 ## - NÚMERO DE LA CLASIFICACIÓN DECIMAL DEWEY
Número de clasificación nn*
Número de documento/Ítem nn*
049 ## - FONDOS LOCALES (OCLC)
Fondos de biblioteca BNGR
100 1# - ENTRADA PRINCIPAL--NOMBRE DE PERSONA
Nombre de persona Kent Jones, Richard.
9 (RLIN) 50249
245 10 - MENCIÓN DE TÍTULO
Título Métodos didácticos audiovisuales /
Mención de responsabilidad, etc. Richard Kent Jones.
260 ## - PUBLICACIÓN, DISTRIBUCIÓN, ETC.
Lugar de publicación, distribución, etc. México, D. F. :
Nombre del editor, distribuidor, etc. Instituto Latinoamericano de la Comunicación Educatica (Unesco-México) ;
-- Centro Regional de Ayuda Técnica. Agencia para el Desarrollo Internacional,
Fecha de publicación, distribución, etc. 1973.
300 ## - DESCRIPCIÓN FÍSICA
Extensión 283 p. :
Otras características físicas il. ;
Dimensiones 21 cm.
Existencias
Estado de retiro Estado de pérdida Restricciones de uso No para préstamo Código de colección Localización permanente Ubicación/localización actual Ubicación en estantería Fecha de adquisición Número de inventario Total de préstamos Signatura topográfica completa Código de barras Fecha visto por última vez Precio válido a partir de Tipo de ítem Koha Número de copia
        Monografías: Libros y Folletos General General En catalogación 28.01.2011 LF1   nn* nn* 24521-10 25.06.2020 25.06.2020 Préstamo en sala  
      Préstamo restrigido Monografías: Libros y Folletos General General En catalogación 28.01.2011 LF1   nn* nn* 24521-20 25.06.2020 25.06.2020 Préstamo en sala e. 2

Con tecnología Koha